Italian Language Pronouns - indefinite - Statistics

General Stats
  • This quiz has been taken 43 times
    42 since last reset
  • The average score is 15 of 23
Answer Stats
Hint Answer % Correct
other altra (o)
100%
many molto (a)
100%
somebody/someone qualcuno (a)
100%
this questa (o)
100%
much, a lot, many tanto (a)
100%
others altre (i)
75%
both entrambi
75%
each one ognuno (a)
75%
that quella (o)
75%
those quelle (i)
75%
these queste (i)
75%
too many, too much troppo (a)
75%
everybody/everyone tutte (i)
75%
everything/all tutto (a)
75%
some alcuno (a)/qualche
50%
nobody/ no one nessuno (a)
50%
nothing niente/ nulla
50%
several parecchie (i)
50%
any qualsiasi
50%
anybody/anyone chinque
25%
something qualcosa
25%
anything qualsiasi cosa
25%
another un altro
25%
No matching quizzes found
Score Distribution
Percent of People with Each Score
Percentile by Number Answered
Your Score History
You have not taken this quiz since the last reset